Reformas laborales: contrato de trabajo, sindicatos, negociación colectiva, ley No 18.018, contrato de embarco, trabajadores portuarios, ley No 18.011, ley No 18.032
Furkejuvvon:
| Váldodahkki: | |
|---|---|
| Materiálatiipa: | Girji |
| Giella: | espánnjágiella |
| Almmustuhtton: |
Santiago
Jurídica de Chile
1982
|
| Preanttus: | 3a. ed |
| Fáttát: | |
| Fáddágilkorat: |
Lasit fáddágilkoriid
Eai fáddágilkorat, Lasit vuosttaš fáddágilkora!
|
MARC
| LEADER | 00000nam a2200000 a 4500 | ||
|---|---|---|---|
| 001 | UCS2129 | ||
| 003 | CL-VaPUC | ||
| 008 | 970516e19820000CL |||||||||||||||||spa|d | ||
| 082 | 0 | 4 | |a 344.01 |b DIA |2 21 |
| 100 | 0 | |a Díaz Salas, Juan |e author |9 387194 | |
| 245 | 1 | 0 | |a Reformas laborales: contrato de trabajo, sindicatos, negociación colectiva, ley No 18.018, contrato de embarco, trabajadores portuarios, ley No 18.011, ley No 18.032 |
| 250 | |a 3a. ed | ||
| 300 | |a 238 p | ||
| 942 | |c BK | ||
| 945 | |d 19970516 00:00:00 |a lriquelm | ||
| 260 | |a Santiago |b Jurídica de Chile |c 1982 | ||
| 650 | 0 | |a Sindicatos |9 255034 | |
| 650 | 7 | |a DERECHO LABORAL |2 CL-VaPUC |9 15 | |
| 650 | 0 | |a Código del trabajo |9 255479 | |
| 650 | 7 | |a REFORMA LABORAL |2 CL-VaPUC |9 352892 | |
| 650 | 0 | |a Negociación colectiva |9 312433 | |
| 650 | 0 | |a Trabajadores |9 260887 | |
| 651 | 7 | |a CHILE |2 CL-VaPUC |9 387195 | |
| 583 | |a last modification |c 20170711 04:50:25 |k Rodrigo Vera | ||
| 999 | |c 260121 |d 260119 | ||